F1 - Vainqueurs GP de la saison 2022 - Statistiques

Statistiques générales
  • Ce quiz a été pris 805 fois
  • Le résultat moyen est 22 sur 22
Statistiques - réponses
Grand Prix Lieu Pilote % Correct
Grand Prix d'Arabie Saoudite Djeddah Max Verstappen
100%
Grand Prix d'Emilie Romagne Imola Max Verstappen
100%
Grand Prix de Miami Miami Gardens Max Verstappen
100%
Grand Prix d'Espagne Barcelone Max Verstappen
100%
Grand Prix d'Azerbijan Bakou Max Verstappen
100%
Grand Prix du Canada Montréal Max Verstappen
100%
Grand Prix de France Le Castellet Max Verstappen
100%
Grand Prix de Hongrie Budapest Max Verstappen
100%
Grand Prix de Belgique Spa Francorchamps Max Verstappen
100%
Grand Prix des Pays Bas Zandvoort Max Verstappen
100%
Grand Prix d'Italie Monza Max Verstappen
100%
Grand Prix du Japon Suzuka Max Verstappen
100%
Grand Prix des Etats Unis Austin Max Verstappen
100%
Grand Prix de Mexique Maxico Max Verstappen
100%
Grand Prix D'Abou Dabi Yas Marina Max Verstappen
100%
Grand Prix de Bahrein Sakhir Charles Leclerc
98%
Grand Prix d'Australie Melbourne Charles Leclerc
98%
Grand Prix d'Autriche Spielberg Charles Leclerc
98%
Grand Prix de Grande Bretagne Silverstone Carlos Sainz
95%
Grand Prix de Monaco Monaco Sergio Perez
94%
Grand Prix de Singapour Marina Bay Sergio Perez
94%
Grand Prix Sao Paulo Sao Paulo George Russell
77%
Aucun quiz correspondant
Distribution des résultats
% des personnes avec chaque résultat
Percentile par nombre de réponses
Votre historique - résultats
Vous n’avez pas pris ce quiz